[Event "SportAccord Basque Men 2013"]
[Site "Beijing CHN"]
[Date "2013.12.18"]
[Round "5.2"]
[White "Grischuk, Alexander"]
[Black "Karjakin, Sergey"]
[Result "0-1"]
[WhiteTitle "GM"]
[BlackTitle "GM"]
[WhiteElo "2783"]
[BlackElo "2756"]
[WhiteFideId "4126025"]
[BlackFideId "14109603"]
[EventDate "2013.12.17"]

1. Nf3 Nf6 2. g3 d5 3. Bg2 e6 4. O-O Be7 5. d3 c5 6. Nbd2 Nc6 7. e4 O-O 8. Re1
b5 9. e5 Ne8 10. Nb3 b4 11. Be3 Qb6 12. d4 c4 13. Nc5 Nc7 14. h4 Nb5 15. Na4 Qa5
16. b3 Ba6 17. h5 Rfc8 18. h6 g6 19. Nh2 Nb8 20. Nc5 Nc6 21. Ng4 Ncxd4 22. bxc4
Bxc5 23. cxb5 Nxb5 24. Qf3 Qd8 25. Nf6+ Kh8 26. Nxh7 Bxe3 27. fxe3 Kxh7 28.
Qxf7+ Kxh6 29. Qxe6 Nc7 30. Qf7 Qf8 31. Qd7 Qf5 32. Qe7 Qg5 33. Qxb4 Qxg3 34.
Rad1 Ne6 35. Qd2 Ng5 36. e4 Rxc2 0-1

[Event "SportAccord Basque Men 2013"]
[Site "Beijing CHN"]
[Date "2013.12.18"]
[Round "5.1"]
[White "Ivanchuk, Vassily"]
[Black "Ponomariov, Ruslan"]
[Result "0-1"]
[WhiteTitle "GM"]
[BlackTitle "GM"]
[WhiteElo "2731"]
[BlackElo "2731"]
[WhiteFideId "14100010"]
[BlackFideId "14103320"]
[EventDate "2013.12.17"]

1. c4 Nf6 2. Nc3 e5 3. g3 d5 4. cxd5 Nxd5 5. Bg2 Nb6 6. d3 Be7 7. Be3 O-O 8. Rc1
Re8 9. a3 Bf8 10. Nf3 Nc6 11. Ne4 Bg4 12. Bc5 Bd6 13. b4 h6 14. O-O Qd7 15. b5
Ne7 16. a4 Nbd5 17. Nfd2 Be6 18. Nc4 Nf5 19. e3 b6 20. Ncxd6 cxd6 21. Ba3 a6 22.
Nc3 Nxc3 23. Rxc3 d5 24. Qb1 axb5 25. axb5 Ra5 26. Rfc1 Rxb5 27. Qa1 Ra5 28. Qb2
Qa4 29. Qb4 Qxb4 30. Bxb4 Ra4 31. Ba3 d4 32. exd4 exd4 0-1

[Event "SportAccord Basque Men 2013"]
[Site "Beijing CHN"]
[Date "2013.12.18"]
[Round "5.2"]
[White "Ponomariov, Ruslan"]
[Black "Ivanchuk, Vassily"]
[Result "0-1"]
[WhiteTitle "GM"]
[BlackTitle "GM"]
[WhiteElo "2731"]
[BlackElo "2731"]
[WhiteFideId "14103320"]
[BlackFideId "14100010"]
[EventDate "2013.12.17"]

1. e4 c5 2. Nf3 e6 3. g3 Nc6 4. Bg2 Nf6 5. Qe2 Be7 6. O-O O-O 7. c3 a6 8. Rd1 b5
9. d4 cxd4 10. cxd4 d5 11. e5 Nd7 12. Bf4 b4 13. Nbd2 a5 14. Nf1 Ba6 15. Qd2 Nb6
16. b3 Na7 17. h4 Nb5 18. Bg5 Nc3 19. Bxe7 Qxe7 20. Re1 Rfc8 21. N1h2 Ne4 22.
Qf4 Rc2 23. Ng4 Rac8 24. Ng5 Nc3 25. Bf3 Bd3 26. Kg2 h6 27. Rh1 Ne2 28. Bxe2
Rxe2 29. Ne3 hxg5 30. hxg5 Be4+ 31. Kf1 Rxe3 32. Rh2 Bd3+ 33. Kg1 Re4 34. Qf3
Qxg5 35. Qxd3 Nd7 36. Kg2 Nf8 37. Rah1 Ng6 38. Qf3 Qg4 39. Qd3 Nf4+ 0-1

[Event "SportAccord Basque Men 2013"]
[Site "Beijing CHN"]
[Date "2013.12.18"]
[Round "5.1"]
[White "Le, Quang Liem"]
[Black "Wang, Yue"]
[Result "1-0"]
[WhiteTitle "GM"]
[BlackTitle "GM"]
[WhiteElo "2703"]
[BlackElo "2723"]
[WhiteFideId "12401137"]
[BlackFideId "8601429"]
[EventDate "2013.12.17"]

1. Nf3 Nf6 2. g3 d5 3. Bg2 e6 4. O-O Be7 5. b3 O-O 6. Bb2 c5 7. e3 Nc6 8. d4 b6
9. c4 cxd4 10. Nxd4 Bb7 11. Nc3 Na5 12. cxd5 Nxd5 13. Rc1 Bf6 14. Ne4 Rc8 15.
Nxf6+ Qxf6 16. e4 Ne7 17. Nc6 Naxc6 18. Bxf6 gxf6 19. Qd2 Rfd8 20. Qe3 Kg7 21.
Rfd1 e5 22. Bh3 Rb8 23. Bd7 Nd4 24. Rc7 Nb5 25. Bxb5 Rxd1+ 26. Kg2 Nc8 27. Qf3
Rd8 28. Qg4+ Kf8 29. Rxf7+ Kxf7 30. Bc4+ Ke8 31. Qe6+ Ne7 32. Bb5+ Kf8 33. Qxf6+
Kg8 34. Bc4+ Nd5 35. Qe6+ Kf8 36. Qxe5 b5 37. Qh8+ Ke7 38. Qxh7+ Kd6 39. Bxd5
Bxd5 40. exd5 Kxd5 41. Qxa7 b4 42. h4 Ra8 43. Qb7+ Kc5 44. Qc7+ 1-0

[Event "SportAccord Basque Men 2013"]
[Site "Beijing CHN"]
[Date "2013.12.18"]
[Round "5.2"]
[White "Wang, Yue"]
[Black "Le, Quang Liem"]
[Result "1-0"]
[WhiteTitle "GM"]
[BlackTitle "GM"]
[WhiteElo "2723"]
[BlackElo "2703"]
[WhiteFideId "8601429"]
[BlackFideId "12401137"]
[EventDate "2013.12.17"]

1. Nf3 Nf6 2. g3 d5 3. Bg2 g6 4. d4 Bg7 5. c4 c6 6. cxd5 cxd5 7. Nc3 O-O 8. Ne5
e6 9. O-O Nfd7 10. Nf3 Nc6 11. Bf4 Qb6 12. Na4 Qb5 13. Rc1 Nb6 14. Nxb6 Qxb6 15.
Rc2 Bd7 16. Bd6 Rfc8 17. Bc5 Qa6 18. b3 Qa5 19. a3 Qd8 20. Qd3 Be8 21. a4 b6 22.
Ba3 a5 23. Rfc1 Nb4 24. Bxb4 axb4 25. e3 Bf8 26. Bf1 Bd6 27. Qd2 Rxc2 28. Rxc2
Bd7 29. h4 Rc8 30. Bd3 Rxc2 31. Qxc2 Qc7 32. Qd2 Kg7 33. Kg2 f6 34. Ne1 Be7 35.
Nc2 Qd6 36. Qe2 e5 37. dxe5 fxe5 38. e4 Bc6 39. Ne3 dxe4 40. Bb5 Qd3 41. Qxd3
exd3+ 42. Bxc6 1-0